|
|
|
|
| LEADER |
00986nam a22002772a 4500 |
| 001 |
001453871 |
| 003 |
CZ BrMZK |
| 005 |
20150819143901.0 |
| 007 |
ta |
| 008 |
150204s1955 xr er|||||||||||cze d |
| 015 |
|
|
|a cnb000720759
|
| 035 |
|
|
|a (OCoLC)85447155
|
| 040 |
|
|
|a ABA001
|b cze
|c OLA001
|d BOA001
|
| 100 |
1 |
|
|a Moravec, Josef
|7 jx20040726054
|4 aut
|
| 245 |
1 |
0 |
|a Anorganická chemie :
|b pomocná kniha pro průmyslové školy chemické a pro střední kádry v chemickém průmyslu /
|c Josef Moravec ; obrázky Lubomír Moravec
|
| 250 |
|
|
|a 2., přeprac. a dopln. vyd.
|
| 260 |
|
|
|a Praha :
|b Státní nakladatelství technické literatury,
|c 1955
|
| 300 |
|
|
|a 542 s.
|
| 490 |
1 |
|
|a Řada chemické literatury
|
| 500 |
|
|
|a 5750 výt.
|
| 504 |
|
|
|a Obsahuje bibliografii
|
| 830 |
|
0 |
|a Řada chemické literatury
|0 s
|
| 910 |
|
|
|a BOA001
|b 2-0328.916
|
| 990 |
|
|
|a BK
|
| 991 |
|
|
|b 201502
|
| 996 |
6 |
|
|b 2618998410
|c 2-0328.916
|l MZK
|r Sklad / do 24 hodin
|n 0
|w 001488806
|u 000010
|a 1
|e BOA001
|j MZK50
|s P
|